000 00407nam a2200121Ia 4500
008 180205s9999 xx 000 0 und d
020 _a534187463
100 _aWagenaar, Theodore C.
245 _cBabbie, Earl
_apracticing social research :
_bguided activities to accompany the practice of social research
250 _a7th ed
260 _aUSA
_bWadsworth publishing company
_c1995
300 _avii, 321 pages
999 _c354868
_d354868